Sacramento da penitencia : o perdao de Deus na comunidade eclesial /

Na minha lista:
Detalhes bibliográficos
Autor principal: Miranda, Mário de França (autor)
Formato: Livro
Idioma:português
Publicado em: São Paulo, Brasil : Loyola, 1980, c1978
Edição:3a edición
Colecção:(Teologia e Evangelização ; 2)
Assuntos:
Tags: Adicionar Tag
Sem tags, seja o primeiro a adicionar uma tag!

MARC

LEADER 00000nam^a2200000^a^4500
001 000331958
005 20250521000000.0
009 20260310114049.352
037 |a Acervo Xavier Clavigero 
041 |a POR 
082 |a 234. 166  |b MIR 
100 |a Miranda, Mário de França  |e (autor) 
245 1 0 |a Sacramento da penitencia :  |b o perdao de Deus na comunidade eclesial /  |c M.F. Miranda. 
250 |a 3a edición 
264 4 |a São Paulo, Brasil :  |b Loyola,  |c 1980, c1978 
336 |a texto  |b txt  |2 rdacontenido 
337 |a sin mediación  |b n  |2 rdamedio 
338 |a volumen  |b nc  |2 rdasoporte 
440 1 |a (Teologia e Evangelização ;  |v 2) 
649 |a XX 
650 |a Penitencia (Sacramento) -  |x Tema Principal 
650 |a Confesión 
650 |a Sacramentos 
650 |a Teología Doctrinal 
650 |a Iglesia Católica 
650 |a Catolicismo 
650 |a Cristianismo 
650 |a Religión 
910 |a Fondo General 
920 |a Impresos - Libros 
930 |a Colección General 
905 |a 101 
901 |a 0500221457  |b IT1  |c ACC  |u 20250521 
902 |a https://opac.biblio.iteso.mx/vufind/Record/000331958